000 00454nam a22001817a 4500
003 MPLRDC
005 20220104143013.0
008 210129b ||||| |||| 00| 0 eng d
020 _a7-5396-0024-1
082 _a857.45 HPZ
100 _a黄佩珠等口述
245 _a天下第一棍
_c范传伟记录
250 _a一版一刷
260 _a
_b安徽文艺出版社
_c1987
300 _b
650 _a历史小说
942 _cBK
_o857.45 HPZ
999 _c35679
_d35669